[Event "POL-ChT3"]
[Site "Lazy POL"]
[Date "2012.09.03"]
[Round "3"]
[White "Pacuszka, Tomasz"]
[Black "Przybylski, Bartosz"]
[Result "1/2-1/2"]
[WhiteElo "2273"]
[BlackElo "2102"]
[EventDate "2012.09.01"]

1.g3 Nf6 2.Bg2 d5 3.d3 g6 4.Nd2 Bg7 5.Ngf3 O-O 6.O-O Re8 7.c3 e5 8.e4 dxe4
9.dxe4 Nc6 10.Qc2 h6 11.b4 Nh7 12.Nc4 Be6 13.Ne3 Qc8 14.Bb2 Ng5 15.Nxg5 
hxg5 16.Rfd1 f5 17.f3 Ne7 18.Nf1 c5 19.b5 a6 20.c4 f4 21.a4 Qc7 22.Nd2 
Rad8 23.Nb3 a5 24.g4 Nc8 25.Bf1 b6 26.Rac1 Rxd1 27.Rxd1 Rd8 28.Rxd8+ Qxd8 
29.Qd3 Qxd3 30.Bxd3 Nd6 31.Nd2 Kf7 32.Kf2 Kf6 33.Ke2 Bf8 34.h3 Be7 35.Kd1 
Bd8 36.Kc2 Bc7 1/2-1/2

[Event "POL-ChT3"]
[Site "Lazy POL"]
[Date "2012.09.03"]
[Round "3"]
[White "Plonczak, Mateusz"]
[Black "Krainski, Slawomir"]
[Result "0-1"]
[WhiteElo "1965"]
[BlackElo "2029"]
[EventDate "2012.09.01"]

1.d4 d5 2.c4 c6 3.Nf3 Nf6 4.Nc3 Qb6 5.Qc2 Bg4 6.c5 Qc7 7.Ne5 Nbd7 8.h3 Bh5
9.Bf4 Nxe5 10.Bxe5 Qc8 11.e3 Bg6 12.Bd3 Bxd3 13.Qxd3 Nd7 14.Bg3 g6 15.O-O 
Bg7 16.f4 f5 17.b4 a6 18.a4 O-O 19.b5 axb5 20.axb5 b6 21.cxb6 Nxb6 22.Ra6 
Rxa6 23.bxa6 Nc4 24.Ra1 Qc7 25.Bf2 Ra8 26.Qc2 Qb6 27.Qa2 e6 28.a7 Bf8 29.
Qa6 Qc7 30.Ra4 Nb6 31.Na2 Nxa4 32.Qxa4 Rxa7 33.Qb3 Ra3 34.Qc2 c5 35.Nc3 
cxd4 0-1

[Event "POL-ChT3"]
[Site "Lazy POL"]
[Date "2012.09.03"]
[Round "3"]
[White "Sciborowski, Miroslaw"]
[Black "Zgarda, Jakub"]
[Result "0-1"]
[WhiteElo "2063"]
[BlackElo "1876"]
[EventDate "2012.09.01"]

1.d4 Nf6 2.Nf3 g6 3.g3 Bg7 4.Bg2 O-O 5.O-O c6 6.c4 d6 7.Nc3 Qa5 8.e4 Qh5 
9.Nd2 Qxd1 10.Rxd1 Na6 11.Rb1 Rb8 12.b4 Ng4 13.Ne2 c5 14.dxc5 dxc5 15.bxc5
Rd8 16.Ba3 Be6 17.h3 Ne5 18.Nf4 Bxc4 19.Nxc4 Nxc4 20.Rxd8+ Rxd8 21.Rxb7 
Rd1+ 22.Kh2 Nxa3 23.Rxa7 Nxc5 24.Rxa3 Bb2 25.Ra8+ Kg7 26.Nd5 e5 27.f4 Bd4 
28.h4 Nd3 29.f5 Bg1+ 0-1

[Event "POL-ChT3"]
[Site "Lazy POL"]
[Date "2012.09.03"]
[Round "3"]
[White "Huchwajda, Katarzyna"]
[Black "Filipek, Halina"]
[Result "1-0"]
[WhiteElo "1867"]
[BlackElo "1760"]
[EventDate "2012.09.01"]
[PlyCount "129"]

1.e4 d6 2.d4 Nf6 3.Nc3 e5 4.Nf3 Nbd7 5.Bc4 Be7 6.O-O O-O 7.h3 c6 8.Bb3 b5 
9.Re1 Bb7 10.a3 a6 11.Bg5 c5 12.dxc5 Nxc5 13.Bxf6 Bxf6 14.Bd5 Bxd5 15.Nxd5
Rc8 16.Qd2 Na4 17.c3 Nb6 18.Nb4 Nc4 19.Qc2 a5 20.Nd5 Nb6 21.Rad1 Rc5 22.
Qb3 Nxd5 23.Rxd5 Qb6 24.Red1 Rd8 25.Nh2 Be7 26.Ng4 Rb8 27.Rxc5 Qxc5 28.Rd3
Kf8 29.Qd5 Qc7 30.Ne3 g6 31.Nc2 Qb6 32.Rf3 f6 33.Ne3 Qb7 34.Qd3 Qd7 35.Qd2
Kg7 36.Ng4 g5 37.Ne3 Kg6 38.Nf5 Bf8 39.h4 h6 40.Rd3 Rd8 41.Qe2 Qc6 42.hxg5
fxg5 43.Rh3 d5 44.Qh5+ Kh7 45.Qxg5 Rd7 46.Ng3 Bg7 47.Qf5+ Kg8 48.Nh5 Rf7 
49.Qg4 dxe4 50.Qe2 Bf6 51.Ng3 e3 52.Qxe3 Bg7 53.Nh5 Qd6 54.Nxg7 Rxg7 55.
Qxh6 Qd1+ 56.Kh2 Qg4 57.Rg3 Qxg3+ 58.fxg3 Rh7 59.Qxh7+ Kxh7 60.Kh3 a4 61.
Kg4 Kg6 62.Kf3 Kf5 63.g4+ Ke6 64.Ke4 Kf6 65.g5+ 1-0

[Event "POL-ChT3"]
[Site "Lazy POL"]
[Date "2012.09.04"]
[Round "4"]
[White "Tazbir, Marcin"]
[Black "Pakleza, Zbigniew"]
[Result "1/2-1/2"]
[WhiteElo "2554"]
[BlackElo "2475"]
[EventDate "2012.09.01"]

1.e4 c5 2.Nf3 Nc6 3.d4 cxd4 4.Nxd4 e5 5.Nb5 d6 6.N1c3 a6 7.Na3 Nf6 8.Bg5 
b5 9.Nd5 Qa5+ 10.Bd2 Qd8 11.Bg5 Qa5+ 12.Bd2 Qd8 13.Bg5 Qa5+ 1/2-1/2

[Event "POL-ChT3"]
[Site "Lazy POL"]
[Date "2012.09.04"]
[Round "4"]
[White "Ciesla, Adam"]
[Black "Kalinin, Oleg"]
[Result "1-0"]
[WhiteElo "2336"]
[BlackElo "2336"]
[EventDate "2012.09.01"]

1.e4 c5 2.Nc3 e6 3.Nf3 a6 4.d4 cxd4 5.Nxd4 Qc7 6.Bd3 Nf6 7.Be3 Bc5 8.O-O 
d6 9.Qe2 O-O 10.f4 b5 11.Nb3 Bxe3+ 12.Qxe3 Nbd7 13.a4 b4 14.Ne2 Bb7 15.Kh1
Nc5 16.Nd2 e5 17.Ng3 d5 18.Nf5 Ncxe4 19.Nxe4 Nxe4 20.Bxe4 dxe4 21.Qg3 f6 
22.fxe5 fxe5 23.Rad1 e3 24.Nxe3 Rxf1+ 25.Rxf1 Rf8 26.Rxf8+ Kxf8 27.Qh4 Qb6
28.Nf5 Bxg2+ 29.Kxg2 Qg6+ 30.Ng3 Qxc2+ 31.Kh3 Qxb2 32.Qd8+ Kf7 33.Qd7+ Kf8
34.Nf5 Qb3+ 35.Kh4 Qc4+ 36.Kh3 Qf1+ 37.Kg3 Qf4+ 38.Kh3 Qf1+ 39.Kg3 Qf4+ 
40.Kg2 Qg5+ 41.Kf2 Qf4+ 42.Ke1 Qc1+ 43.Ke2 Qc4+ 44.Kd2 Qc3+ 45.Kd1 Qf3+ 
46.Ke1 Qc3+ 47.Qd2 Qa1+ 48.Kf2 Qxa4 49.Qd6+ Kf7 50.Qe7+ Kg6 51.Qe6+ Kg5 
52.h4+ Kf4 53.Ne3 1-0

[Event "POL-ChT3"]
[Site "Lazy POL"]
[Date "2012.09.04"]
[Round "4"]
[White "Walach, Marcin"]
[Black "Klekowski, Maciej"]
[Result "1-0"]
[WhiteElo "2349"]
[BlackElo "2332"]
[EventDate "2012.09.01"]

1.e4 c5 2.c3 Nf6 3.e5 Nd5 4.d4 cxd4 5.cxd4 Nc6 6.Nc3 Nxc3 7.bxc3 d5 8.Bd3 
e6 9.f4 Na5 10.Ne2 Bd7 11.O-O g6 12.Qe1 Be7 13.g4 Qc7 14.f5 gxf5 15.gxf5 
O-O-O 16.f6 Rdg8+ 17.Kh1 Bf8 18.Rg1 Rg6 19.Bf4 Nc4 20.Bxg6 hxg6 21.Rg4 Ba4
22.Rh4 Rg8 23.Bg5 Bc2 24.Ng3 Kd8 25.Qe2 Na3 26.Qd2 Bb1 27.Bh6 g5 28.Rh3 
Bxh6 29.Rxh6 Nc4 30.Qd1 Bg6 31.Qa4 a5 32.Qb5 Na3 33.Qb3 Nc4 34.Rc1 Qc6 35.
a4 Kc7 36.Kg1 Qe8 37.Nf1 Rh8 38.Rxh8 Qxh8 39.Qa2 Qh3 40.Qg2 Qh6 41.Re1 Be4
42.Qg4 Bf5 43.Qg3 Be4 44.Qf2 Nb6 45.Nd2 Bf5 46.c4 dxc4 47.d5 Nxd5 48.Nxc4 
Qh3 49.Nd6 Qg4+ 50.Kh1 Kd7 51.Qf1 Nc3 52.Re3 Qd4 53.Nxf5 exf5 54.Rd3 1-0

[Event "POL-ChT3"]
[Site "Lazy POL"]
[Date "2012.09.04"]
[Round "4"]
[White "Flis, Jacek"]
[Black "Kornasiewicz, Stanislaw"]
[Result "1-0"]
[WhiteElo "2256"]
[BlackElo "2214"]
[EventDate "2012.09.01"]

1.e4 e5 2.Bc4 Nf6 3.d3 Be7 4.Nf3 Nc6 5.O-O O-O 6.Re1 d6 7.c3 Na5 8.Bb5 a6 
9.Ba4 b5 10.Bc2 c5 11.Nbd2 Nc6 12.Nf1 Qc7 13.Ne3 b4 14.Bb3 bxc3 15.bxc3 
Rb8 16.Bd2 Na5 17.Bd5 Ng4 18.Qa4 Nxe3 19.Bxe3 Bd7 20.Qc2 Bc6 21.c4 Bd7 22.
h3 Nc6 23.a3 Nd8 24.Rab1 Ne6 25.Bd2 h6 26.Rxb8 Rxb8 27.Rb1 Kh7 28.Bxe6 
fxe6 29.Rb2 Bc6 30.Qb1 Rxb2 31.Qxb2 Qb7 32.Qxb7 Bxb7 33.Ba5 Kg6 34.Kf1 Kf7
35.Ke2 Ke8 36.g3 Kd7 37.h4 h5 38.Bd2 Bc6 39.Ne1 d5 40.Nf3 Bf6 41.Ke3 Kd6 
42.Ba5 g6 43.Bb6 Ba4 44.Ba7 Bd1 45.Bb8+ Kc6 46.Nxe5+ Bxe5 47.Bxe5 Bb3 48.
cxd5+ exd5 49.Bb2 dxe4 50.dxe4 Kd6 51.f3 Bd1 52.Kf4 Ke6 53.g4 a5 54.gxh5 
gxh5 55.Ke3 a4 56.f4 Bg4 57.Bc3 Bd1 58.f5+ Kf7 59.Kf4 Be2 60.e5 c4 61.e6+ 
Ke7 62.Ke5 Bg4 63.f6+ Ke8 64.f7+ 1-0

[Event "POL-ChT3"]
[Site "Lazy POL"]
[Date "2012.09.04"]
[Round "4"]
[White "Osipow, Nikolaj"]
[Black "Piesik, Piotr"]
[Result "0-1"]
[WhiteElo "2179"]
[BlackElo "2198"]
[EventDate "2012.09.01"]

1.d4 c5 2.e3 Nf6 3.Nf3 d5 4.Be2 Nc6 5.O-O Bg4 6.b3 cxd4 7.Nxd4 Bxe2 8.Qxe2
e5 9.Nxc6 bxc6 10.c4 Bd6 11.cxd5 cxd5 12.Nc3 O-O 13.Rd1 d4 14.Nb5 Bc5 15.
exd4 exd4 16.Bb2 Re8 17.Qf3 Qb6 18.Nxd4 Ne4 19.Rd3 Rad8 20.Rad1 Rd6 21.Qg4
Nf6 22.Qf3 Bxd4 23.g3 Bc5 24.Rxd6 Bxd6 25.Bxf6 gxf6 26.Qxf6 Bf8 27.Qf3 Qe6
28.Kg2 Qe4 29.Rd5 Qxf3+ 30.Kxf3 Rc8 31.Rg5+ Kh8 32.Ke4 h6 33.Ra5 Bc5 34.f4
Bb6 35.Ra6 Kg7 36.g4 Re8+ 37.Kf5 Rc8 38.h4 Rc5+ 39.Ke4 h5 40.gxh5 Rxh5 41.
b4 Rxh4 42.a4 Bg1 43.Ra5 Kf8 44.Rg5 Bb6 45.Kf3 Bc7 46.Rf5 Ke7 47.a5 Ke6 
48.Ke4 f6 49.a6 Bd6 50.b5 Rh1 51.b6 Re1+ 52.Kd3 Kxf5 0-1

[Event "POL-ChT3"]
[Site "Lazy POL"]
[Date "2012.09.04"]
[Round "4"]
[White "Denderski, Piotr"]
[Black "Knopik, Krzysztof"]
[Result "0-1"]
[WhiteElo "2240"]
[BlackElo "2127"]
[EventDate "2012.09.01"]

1.d4 Nf6 2.c4 c5 3.d5 b5 4.cxb5 a6 5.bxa6 Bxa6 6.g3 d6 7.Bg2 g6 8.Nf3 Bg7 
9.O-O O-O 10.Nc3 Nbd7 11.Qc2 Qb6 12.Rb1 Rfb8 13.b3 Ng4 14.Bd2 Qa7 15.h3 
Nge5 16.Nxe5 Nxe5 17.f4 Nd7 18.Kh2 Rb7 19.Rfe1 Rab8 20.Nd1 Bb5 21.Bc3 Nf6 
22.e4 Qa6 23.Nf2 c4 24.b4 Qa3 25.e5 Ne8 26.Re3 Qa6 27.Ne4 Bd7 28.exd6 exd6
29.Bxg7 Kxg7 30.Qc3+ Kg8 31.Rb2 Bf5 32.Nf2 Ng7 33.g4 Bd3 34.Nxd3 cxd3 35.
Rxd3 h5 36.Re3 Qa7 37.Re4 hxg4 38.hxg4 f5 39.Rc4 fxg4 40.Rc8+ Kf7 41.Rc2 
Re7 42.Qg3 Rxc8 43.Rxc8 Qd7 44.Rh8 Re2 45.Qd3 Rxa2 46.Rh6 Qf5 47.Qxf5+ 
Nxf5 48.Rh7+ Kg8 49.Rd7 Ne3 50.Rxd6 Rxg2+ 51.Kh1 Rb2 52.Rxg6+ Kf7 53.Re6 
Nxd5 54.Re5 Nf6 55.b5 Rd2 56.Rc5 Rd5 57.Rc7+ Kg6 58.b6 Rb5 59.b7 Rb2 60.
Re7 Kf5 61.Rf7 Ke4 62.Rc7 Nd5 63.Rc4+ Kf3 64.Rc1 Rxb7 65.f5 Rb2 66.Rf1+ 
Rf2 67.Ra1 Kg3 68.Ra3+ Rf3 69.Ra1 Rxf5 70.Rg1+ Kh3 71.Ra1 Ne3 72.Kg1 Rf1+ 
0-1

[Event "POL-ChT3"]
[Site "Lazy POL"]
[Date "2012.09.04"]
[Round "4"]
[White "Gonsior, Monika"]
[Black "Warakomska, Anna"]
[Result "1-0"]
[WhiteElo "2028"]
[BlackElo "2136"]
[EventDate "2012.09.01"]

1.e4 c5 2.Nf3 e6 3.d4 cxd4 4.Nxd4 a6 5.Bd3 Nf6 6.O-O d6 7.c4 g6 8.Nc3 Bg7 
9.h3 O-O 10.Be3 b6 11.Rc1 Bb7 12.b3 Nbd7 13.Bb1 Rc8 14.Qd2 Nc5 15.f3 Qc7 
16.Qf2 Rfe8 17.Nde2 Ba8 18.Rfd1 Qb8 19.Qg3 e5 20.Rd2 b5 21.b4 Ne6 22.cxb5 
axb5 23.Rcd1 Red8 24.Bc2 Nd4 25.Bb1 Nxe2+ 26.Nxe2 d5 27.exd5 Rxd5 28.Bc5 
Bh6 29.Rxd5 Nxd5 30.Kh1 Nf4 31.Nxf4 Bxf4 32.Qh4 Re8 33.Qf6 Qc8 34.Be4 Bxe4
35.fxe4 Qe6 36.Rd8 1-0

[Event "POL-ChT3"]
[Site "Lazy POL"]
[Date "2012.09.04"]
[Round "4"]
[White "Jasnikowski, Zbigniew"]
[Black "Stachanczyk, Jacek"]
[Result "1-0"]
[WhiteElo "2367"]
[BlackElo "2247"]
[EventDate "2012.09.01"]

1.c4 e5 2.Nc3 Nf6 3.Nf3 Nc6 4.g3 Bb4 5.Bg2 O-O 6.O-O Re8 7.Nd5 Bc5 8.d3 h6
9.e3 a6 10.a3 d6 11.b4 Ba7 12.Nd2 Nxd5 13.cxd5 Ne7 14.Bb2 c6 15.dxc6 Nxc6 
16.Rc1 d5 17.Nb3 Qd6 18.Nc5 b6 19.Nb3 Be6 20.Qe2 a5 21.b5 Ne7 22.f4 f6 23.
fxe5 fxe5 24.Qh5 Kh7 25.Bxe5 Qxa3 26.Bxg7 1-0

[Event "POL-ChT3"]
[Site "Lazy POL"]
[Date "2012.09.04"]
[Round "4"]
[White "Gumula, Daniel"]
[Black "Borkowski, Franciszek"]
[Result "0-1"]
[WhiteElo "2273"]
[BlackElo "2318"]
[EventDate "2012.09.01"]

1.d4 Nf6 2.Nf3 g6 3.c4 Bg7 4.Nc3 O-O 5.e4 d6 6.h3 e5 7.d5 a5 8.Be2 Na6 9.
Bg5 h6 10.Be3 Nc5 11.Nd2 Ne8 12.g4 f5 13.gxf5 gxf5 14.Rg1 Qh4 15.Nf3 Qf6 
16.Qd2 f4 17.Bxc5 dxc5 18.h4 Nd6 19.h5 Bd7 20.Rg6 Qe7 21.O-O-O Kh7 22.Rdg1
Rg8 23.Nb5 Bxb5 24.cxb5 b6 25.Re6 Qf7 26.Rgg6 Rae8 27.Qd1 Rxe6 28.dxe6 Qe7
29.Qg1 Qe8 30.Qg4 Bf6 31.Nh4 Bg5 32.a4 f3+ 0-1

[Event "POL-ChT3"]
[Site "Lazy POL"]
[Date "2012.09.04"]
[Round "4"]
[White "Tworzydlo, Piotr"]
[Black "Tokarski, Lukasz"]
[Result "1-0"]
[WhiteElo "2104"]
[BlackElo "2278"]
[EventDate "2012.09.01"]

1.e4 c5 2.Nf3 e6 3.b3 Nc6 4.Bb2 d6 5.d4 cxd4 6.Nxd4 Nxd4 7.Bxd4 Bd7 8.Be2 
Nf6 9.Nd2 Bc6 10.Bf3 Be7 11.O-O e5 12.Bb2 b5 13.Qe2 O-O 14.Rfd1 Qb6 15.c4 
b4 16.Nf1 g6 17.Ng3 Nd7 18.Qd2 Nc5 19.Re1 Ne6 20.Bd1 Qc5 21.Qe3 Bg5 22.
Qxc5 Nxc5 23.Bc2 h5 24.Nf1 a5 25.a3 h4 26.f3 h3 27.Ne3 f5 28.Rad1 Bxe3+ 
29.Rxe3 Rad8 30.axb4 axb4 31.exf5 gxf5 32.f4 Bxg2 33.Rg3+ Kf7 34.Bxf5 Rg8 
35.fxe5 dxe5 36.Re1 Rxg3 37.hxg3 Rd2 38.Bc1 Ra2 39.Rxe5 Bf3 40.Bxh3 Nxb3 
41.Rf5+ Kg6 42.Be3 Be4 43.Rf4 Bd3 44.c5 Rc2 45.Rxb4 Nxc5 46.Rb6+ Kf7 47.
Rd6 Be4 48.Bd4 Ba8 49.Rh6 Ne4 50.Rh7+ Kg6 51.Rg7+ Kh6 52.Bf5 Rc1+ 53.Kh2 
Nf6 54.Rg6+ Kh5 55.g4+ Nxg4+ 56.Rxg4 Rd1 57.Be3 Bf3 58.Rg7 1-0

[Event "POL-ChT3"]
[Site "Lazy POL"]
[Date "2012.09.04"]
[Round "4"]
[White "Kolosowski, Pawel"]
[Black "Kolasinski, Krzysztof"]
[Result "1/2-1/2"]
[WhiteElo "2280"]
[BlackElo "1978"]
[EventDate "2012.09.01"]

1.e4 e6 2.d3 d5 3.Nd2 c5 4.Ngf3 Nc6 5.g3 g6 6.Bg2 Bg7 7.O-O Nge7 8.Re1 b6 
9.h4 h6 10.Qe2 a5 11.Nf1 Ba6 12.exd5 Nxd5 13.N1h2 Rc8 14.Ng4 Nd4 15.Nxd4 
cxd4 16.a3 Rc5 17.b4 Nc3 18.Qf3 Rd5 19.Bf4 Bb7 20.Be5 Rxe5 21.Qxb7 Rxe1+ 
22.Rxe1 O-O 23.bxa5 bxa5 24.Ne5 Bxe5 25.Rxe5 a4 26.f4 Qd6 27.Qa7 Rd8 28.
Rc5 Rb8 29.Rc7 Rf8 30.Kh2 Nb5 31.Rd7 Nxa7 32.Rxd6 Nb5 33.Ra6 Nxa3 34.Rxa4 
Nxc2 35.Rc4 Ne1 36.Rxd4 Rb8 37.Bc6 Rb2+ 38.Kg1 Rd2 39.Be4 f5 40.Kf1 Nc2 
41.Rd8+ Kg7 1/2-1/2

[Event "POL-ChT3"]
[Site "Lazy POL"]
[Date "2012.09.04"]
[Round "4"]
[White "Swierczewski, Marek"]
[Black "Siedlinski, Piotr"]
[Result "1-0"]
[WhiteElo "2135"]
[BlackElo "2092"]
[EventDate "2012.09.01"]

1.e4 c5 2.c3 Nf6 3.e5 Nd5 4.Bc4 Nb6 5.Bb3 c4 6.Bc2 Nc6 7.Nf3 Qc7 8.Qe2 g5 
9.Na3 g4 10.Nb5 Qb8 11.Ng5 Nxe5 12.O-O h6 13.f4 gxf3 14.Nxf3 Bg7 15.Re1 d6
16.Nxe5 Bxe5 17.d4 cxd3 18.Bxd3 a6 19.Qf2 Nd5 20.Nd4 Qc7 21.Rf1 e6 22.Bd2 
Qe7 23.Rae1 Bd7 24.c4 Nf6 25.Nf3 Ng4 26.Qb6 Bc6 27.h3 Bxf3 28.Rxf3 Nf6 29.
Qf2 O-O-O 30.Ba5 Rd7 31.Qa7 Rc7 32.Qa8+ Kd7 33.Qxh8 Ng4 34.Qh7 Bd4+ 35.Kh1
Nf2+ 36.Rxf2 Bxf2 37.Rf1 1-0

[Event "POL-ChT3"]
[Site "Lazy POL"]
[Date "2012.09.04"]
[Round "4"]
[White "Guzik, Jolanta"]
[Black "Barburzynska, Magdalena"]
[Result "0-1"]
[WhiteElo "2139"]
[BlackElo "1913"]
[EventDate "2012.09.01"]

1.e4 c5 2.c4 Nc6 3.Nc3 g6 4.g3 Bg7 5.Bg2 d6 6.Nge2 Nf6 7.d3 O-O 8.O-O Rb8 
9.h3 a6 10.f4 Nd7 11.a4 Nd4 12.Be3 e6 13.Rb1 b6 14.g4 f5 15.gxf5 gxf5 16.
Ng3 Bb7 17.Kh1 Kh8 18.Rg1 Qh4 19.Nce2 Nxe2 20.Nxe2 fxe4 21.d4 Nf6 22.Qe1 
Qxe1 23.Rgxe1 Bc6 24.b3 Be8 25.Ng3 Bg6 26.Rbd1 Rbd8 27.Bg1 Nh5 28.Nxe4 
Nxf4 29.Bf1 e5 30.d5 Bf5 31.Kh2 Bh6 32.Ra1 a5 33.Ra2 Bxe4 34.Rxe4 Nxd5 35.
Ra1 Bf4+ 36.Kh1 Nf6 37.Ree1 Rg8 38.Rad1 Nh5 39.Bf2 Ng3+ 40.Bxg3 Rxg3 41.
Rd3 Rdg8 42.Be2 Rxd3 43.Bxd3 Rg3 44.Bf5 Rxb3 45.Rd1 e4 46.Bxe4 Rxh3+ 47.
Kg2 Rh2+ 48.Kf3 Be5 49.Kg4 Kg7 50.Rf1 Re2 51.Bf3 Ra2 52.Bc6 Rd2 53.Kf5 h5 
54.Kg5 h4 55.Rb1 Bf6+ 56.Kh5 Bd8 57.Rg1+ Kf6 58.Rg8 Be7 59.Bd7 Kf7 60.Rb8 
d5 61.Rxb6 dxc4 62.Be6+ Kf6 63.Bxc4+ Kf5 64.Be6+ Ke5 65.Bh3 Bd8 66.Rb5 Kd4
67.Be6 Rd3 68.Rb8 Ke5 69.Bc4 Rd4 70.Bf1 h3 71.Rc8 h2 72.Bg2 Rh4+ 0-1

[Event "POL-ChT3"]
[Site "Lazy POL"]
[Date "2012.09.04"]
[Round "4"]
[White "Krogulski, Grzegorz"]
[Black "Najbar, Marcin"]
[Result "0-1"]
[WhiteElo "2387"]
[BlackElo "2199"]
[EventDate "2012.09.01"]
[PlyCount "134"]

1.e4 c5 2.Nf3 e6 3.Qe2 d6 4.g3 Nc6 5.Bg2 g6 6.c3 Bg7 7.d3 Nge7 8.h4 h6 9.
O-O Rb8 10.Be3 e5 11.Nh2 O-O 12.Nd2 f5 13.f4 exf4 14.gxf4 Re8 15.h5 gxh5 
16.Qxh5 Be6 17.Rf3 Bf7 18.Qh3 Bg6 19.Rg3 Qc8 20.Qh4 Qe6 21.Kh1 Kh7 22.Nhf3
Bf6 23.Ng5+ Bxg5 24.fxg5 h5 25.Rf1 Rf8 26.Bh3 Kg7 27.d4 cxd4 28.cxd4 d5 
29.e5 Rbc8 30.Nb3 Nd8 31.Nc5 Qc6 32.Bd2 b6 33.Nd3 Ne6 34.Bb4 Qd7 35.Rgf3 
Rc4 36.Bc3 a5 37.Nf4 Nxf4 38.Rxf4 Qe6 39.Qf2 Ra8 40.Qd2 Rac8 41.R1f2 R4c6 
42.Qd3 Rf8 43.b3 Rfc8 44.Bb2 R8c7 45.Kh2 Rc8 46.Bf1 R6c7 47.Qb1 Rd8 48.Bd3
Rf8 49.Ba3 Rc3 50.Bb2 Rc7 51.Qf1 Rf7 52.Bb1 Rf8 53.Qh3 Rfc8 54.a4 Rc6 55.
R2f3 R8c7 56.Ba3 Qf7 57.Bd6 Rc8 58.Bxe7 Qxe7 59.Bxf5 Qxg5 60.Bxc8 Rc2+ 61.
Kh1 Rc1+ 62.Rf1 Qxf4 63.Rxc1 Be4+ 64.Kg1 Qxc1+ 65.Kf2 Qd2+ 66.Kg3 Qe3+ 67.
Kh4 Qf4+ 0-1

[Event "POL-ChT3"]
[Site "Lazy POL"]
[Date "2012.09.04"]
[Round "4"]
[White "Krzywda, Andrzej"]
[Black "Markiewicz, Jerzy"]
[Result "0-1"]
[WhiteElo "2153"]
[BlackElo "2261"]
[EventDate "2012.09.01"]
[PlyCount "74"]

1.e4 c5 2.Nf3 d6 3.d4 cxd4 4.Nxd4 Nf6 5.Nc3 Nc6 6.Bg5 e6 7.Qd2 a6 8.O-O-O 
Bd7 9.f4 h6 10.Bxf6 Qxf6 11.Nf3 Qd8 12.Bd3 Qa5 13.Kb1 Be7 14.Rhe1 O-O-O 
15.Qe3 Qc5 16.Qxc5 dxc5 17.e5 Nb4 18.Be4 Bc6 19.Bxc6 Nxc6 20.Ne4 Kc7 21.c3
c4 22.Kc2 b5 23.Rxd8 Rxd8 24.Rd1 Rxd1 25.Kxd1 Na5 26.g4 Nb7 27.Ke2 Kc6 28.
Ke3 Kd5 29.h4 Nc5 30.Nf2 Na4 31.Nd1 Bc5+ 32.Nd4 b4 33.h5 Nxb2 34.Kd2 Bxd4 
35.cxd4 Nxd1 36.Kxd1 Kxd4 37.g5 Ke4 0-1

[Event "POL-ChT3"]
[Site "Lazy POL"]
[Date "2012.09.04"]
[Round "4"]
[White "Mrozek, Przemyslaw"]
[Black "Malecki, Rafal"]
[Result "1/2-1/2"]
[WhiteElo "2190"]
[BlackElo "2094"]
[EventDate "2012.09.01"]
[PlyCount "105"]

1.d4 g6 2.Nf3 Bg7 3.g3 Nf6 4.Bg2 O-O 5.O-O d6 6.c3 Nc6 7.Nbd2 e5 8.dxe5 
dxe5 9.Qc2 a5 10.Rd1 Bf5 11.Qa4 Nd7 12.Qb5 Nb6 13.Ne1 e4 14.Nc2 a4 15.e3 
Bg4 16.Re1 Ra5 17.Qf1 f5 18.h3 Bh5 19.f4 exf3 20.Nxf3 Qd6 21.Kh2 Ne5 22.
Rd1 Rd5 23.Rxd5 Nxd5 24.Nfd4 c6 25.Bd2 b5 26.Re1 Nc4 27.Bc1 Bh6 28.b3 axb3
29.axb3 Ne5 30.Ba3 b4 31.Bxb4 Nxb4 32.cxb4 Kh8 33.Qa6 g5 34.b5 f4 35.exf4 
gxf4 36.gxf4 Bxf4+ 37.Kh1 Nd3 38.Rf1 Ne5 39.bxc6 Bg4 40.Qa3 Qh6 41.b4 Rg8 
42.Rxf4 Qxf4 43.Qe3 Qf6 44.hxg4 Nxg4 45.Qf3 Qh6+ 46.Kg1 Qc1+ 47.Qf1 Qh6 
48.Nf3 Qxc6 49.Qd3 Ne5 50.Ncd4 Qc1+ 51.Qf1 Nxf3+ 52.Nxf3 Qxf1+ 53.Kxf1 
1/2-1/2

[Event "POL-ChT3"]
[Site "Lazy POL"]
[Date "2012.09.04"]
[Round "4"]
[White "Zgadzaj, Rafal"]
[Black "Augustyn, Sebastian"]
[Result "1-0"]
[WhiteElo "2153"]
[BlackElo "2109"]
[EventDate "2012.09.01"]
[PlyCount "81"]

1.Nf3 d6 2.d4 Bg4 3.c4 g6 4.Qb3 Qc8 5.e4 Bxf3 6.Qxf3 Bg7 7.d5 e5 8.h4 Nd7 
9.h5 a5 10.Nc3 Nc5 11.h6 Bf8 12.g3 Be7 13.Bd2 Qd8 14.Qe3 Nf6 15.Bh3 c6 16.
O-O-O cxd5 17.exd5 O-O 18.Kb1 Nfd7 19.g4 Nb6 20.Bf1 Bf6 21.Nb5 a4 22.g5 
Bh8 23.Bb4 Nbd7 24.Nxd6 Qb6 25.Nb5 f5 26.gxf6 Bxf6 27.Bh3 Rf7 28.Be6 a3 
29.Bxf7+ Kxf7 30.Bxa3 e4 31.Rd2 Ra4 32.Rc2 Rxa3 33.Qxa3 Ne5 34.Qa7 Qxa7 
35.Nxa7 Ned3 36.Nb5 Na4 37.Nd6+ Ke7 38.Nxe4 Bxb2 39.Rh3 Nf4 40.Rxb2 Nxb2 
41.Rb3 1-0

[Event "POL-ChT3"]
[Site "Lazy POL"]
[Date "2012.09.04"]
[Round "4"]
[White "Markiewicz, Mateusz"]
[Black "Sztwiertnia, Jan Krzysztof"]
[Result "1-0"]
[WhiteElo "2067"]
[BlackElo "2073"]
[EventDate "2012.09.01"]
[PlyCount "159"]

1.e4 Nf6 2.Nc3 e5 3.f4 d5 4.fxe5 Nxe4 5.d3 Ng5 6.Nxd5 Qxd5 7.Bxg5 Nc6 8.
Bf4 Qd4 9.Ne2 Qxb2 10.c3 Bg4 11.Qc1 Qxc1+ 12.Rxc1 O-O-O 13.d4 Be6 14.Rc2 
Be7 15.Ng3 a6 16.Be2 Na5 17.O-O g6 18.h3 Nc4 19.Ne4 Na3 20.Rcc1 h6 21.Bg4 
Nc4 22.Nd2 Nb6 23.Nb3 Nc4 24.Nd2 Nb6 25.Nb3 Nc4 26.Bxe6+ fxe6 27.Bd2 Kd7 
28.Rf7 Nxd2 29.Nxd2 Rdf8 30.Rcf1 Ke8 31.Rxf8+ Rxf8 32.Rxf8+ Bxf8 33.Kf2 
Be7 34.Kf3 Kf7 35.c4 b5 36.cxb5 axb5 37.Nb3 Bb4 38.Ke4 c6 39.Nc1 Ba3 40.
Nd3 Be7 41.Nf2 Kg7 42.Kd3 Kf7 43.Ng4 h5 44.Ne3 Bb4 45.Nd1 Ba3 46.Nc3 Ke8 
47.Ne2 Kf7 48.Kc3 Be7 49.Kb3 Kg7 50.Nf4 Kf7 51.Nd3 h4 52.Nb4 c5 53.Nc6 Bf8
54.Na7 cxd4 55.Nxb5 Bg7 56.Nxd4 Bxe5 57.Nf3 Bg3 58.a4 Kf6 59.a5 g5 60.a6 
Bf2 61.Kc4 e5 62.Kd5 Kf5 63.Nxe5 Ba7 64.Nc6 Bb6 65.Ne7+ Kf4 66.Nc8 Be3 67.
Kc6 Kg3 68.Nb6 Bxb6 69.Kxb6 Kxg2 70.a7 Kxh3 71.a8=Q Kh2 72.Qa2+ Kg1 73.
Qb1+ Kg2 74.Qc2+ Kg3 75.Qd3+ Kg2 76.Qe2+ Kh3 77.Kc5 g4 78.Kd4 g3 79.Ke3 g2
80.Qf2 1-0

[Event "POL-ChT3"]
[Site "Lazy POL"]
[Date "2012.09.04"]
[Round "4"]
[White "Hermanowicz, Dominika"]
[Black "Jalowiec, Halina"]
[Result "1/2-1/2"]
[WhiteElo "2076"]
[BlackElo "2046"]
[EventDate "2012.09.01"]
[PlyCount "181"]

1.e4 e5 2.Nf3 Nc6 3.Bb5 a6 4.Ba4 Nf6 5.O-O Be7 6.Re1 b5 7.Bb3 O-O 8.a4 Bb7
9.d3 d6 10.c3 Nb8 11.axb5 axb5 12.Rxa8 Bxa8 13.Nbd2 Nbd7 14.Nf1 Nc5 15.Bc2
Re8 16.Ng3 g6 17.d4 exd4 18.cxd4 Ne6 19.d5 Nc5 20.b4 Na6 21.Bd2 c6 22.dxc6
Bxc6 23.Nd4 Bd7 24.Bd3 Qb6 25.Nc2 Ng4 26.Ne3 Nxe3 27.Bxe3 Qc6 28.Qb3 Be6 
29.Qb2 d5 30.Bh6 f6 31.Bd2 dxe4 32.Nxe4 Bf7 33.Bc3 Bd8 34.f3 Re6 35.Rc1 
Qe8 36.Kf1 Qd7 37.Be2 Nc7 38.Bxf6 Nd5 39.Bxd8 Qxd8 40.Qd4 Rb6 41.Rc5 Kf8 
42.Rxb5 Rxb5 43.Bxb5 Qe7 44.Qc5 Nxb4 45.Qxe7+ Kxe7 46.Ke2 Nd5 47.g3 Nc7 
48.Bd3 Ne6 49.Ke3 Ng7 50.Kf4 Ne6+ 51.Ke5 Nf8 52.Nc5 Be8 53.f4 Kf7 54.Bc4+ 
Kg7 55.Ne4 Bd7 56.Nc5 Bf5 57.Bb5 h6 58.Nb7 Nh7 59.Nd6 Bc2 60.Ne8+ Kf7 61.
g4 Bd1 62.h3 Bc2 63.Nd6+ Kg7 64.Bc6 Bd3 65.Be4 Bf1 66.h4 Nf6 67.Bf3 Bh3 
68.g5 hxg5 69.hxg5 Nd7+ 70.Kd4 Nf8 71.Bd5 Bd7 72.Ke5 Ba4 73.Ne4 Bb5 74.Kd6
Bd3 75.Nf6 Bb5 76.Ke7 Ba4 77.Ne8+ Bxe8 78.Kxe8 Nh7 79.Be4 Nf8 80.Ke7 Nh7 
81.Bc2 Nf8 82.Kd6 Kf7 83.Bb3+ Kg7 84.Be6 Nh7 85.Ke5 Nf8 86.Bc8 Kf7 87.f5 
gxf5 88.Bxf5 Kg7 89.Kd6 Ng6 90.Ke6 Nh8 91.Ke7 1/2-1/2

[Event "POL-ChT3"]
[Site "Lazy POL"]
[Date "2012.09.04"]
[Round "4"]
[White "Butkiewicz, Lukasz"]
[Black "Musialkiewicz, Jan"]
[Result "1-0"]
[WhiteElo "2390"]
[BlackElo "2224"]
[EventDate "2012.09.01"]
[PlyCount "75"]

1.e4 c5 2.Nf3 d6 3.d4 cxd4 4.Nxd4 Nf6 5.Nc3 a6 6.Be2 e6 7.O-O Be7 8.f4 O-O
9.Be3 Nc6 10.Kh1 Qc7 11.Qe1 Nxd4 12.Bxd4 b5 13.a3 Bb7 14.Qg3 g6 15.Bd3 Nh5
16.Qe3 Nxf4 17.Bb6 Qc6 18.Rxf4 Bg5 19.g3 Bxf4 20.gxf4 f5 21.Kg1 Rae8 22.
Rf1 h6 23.Bd4 Kh7 24.Qg3 Rg8 25.h4 e5 26.Be3 Qc8 27.Kh2 d5 28.exd5 e4 29.
Be2 Rd8 30.Rd1 Rd7 31.Qh3 Rgd8 32.h5 Rd6 33.Bd4 g5 34.Be5 Rb6 35.Qe3 Rbd6 
36.Bxd6 Rxd6 37.fxg5 Qc7 38.Qf4 1-0

[Event "POL-ChT3"]
[Site "Lazy POL"]
[Date "2012.09.04"]
[Round "4"]
[White "Bardeli, Lukasz"]
[Black "Lercel, Michal"]
[Result "1-0"]
[WhiteElo "2287"]
[BlackElo "2173"]
[EventDate "2012.09.01"]
[PlyCount "95"]

1.Nf3 Nf6 2.c4 e6 3.g3 d5 4.Bg2 Be7 5.O-O O-O 6.b3 b6 7.Bb2 Bb7 8.e3 c5 9.
d3 Nc6 10.Qe2 Qc7 11.Nc3 Rad8 12.Rac1 Qb8 13.cxd5 exd5 14.d4 Nb4 15.a4 Ne4
16.Rfd1 Bf6 17.Ne5 Ba6 18.Nb5 Bxe5 19.dxe5 Na2 20.Rc2 Nb4 21.f3 Ng5 22.
Rcd2 g6 23.Bc3 Nc6 24.Rxd5 Ne6 25.f4 Ne7 26.R5d2 Nc7 27.Be4 Rxd2 28.Rxd2 
Rd8 29.Rxd8+ Qxd8 30.Bd3 Ned5 31.Bb2 Nxb5 32.axb5 Bc8 33.Bc4 Nc7 34.e4 Ne6
35.f5 Nd4 36.Qg4 Qg5 37.Qxg5 Nf3+ 38.Kf2 Nxg5 39.Ke3 gxf5 40.exf5 h6 41.h4
Nh7 42.e6 fxe6 43.Bxe6+ Bxe6 44.fxe6 Kf8 45.Ke4 Ke7 46.Kf5 Nf8 47.Bf6+ Ke8
48.Bg7 1-0